[Event "2014 dropouts tournament"]
[Site "SchemingMind.com"]
[Date "2014.02.05"]
[Round "-"]
[White "kenneth m day"]
[Black "Milan"]
[Result "0-1"]
[WhiteCountry "USA"]
[BlackCountry "CZE"]
[WhiteElo "1756"]
[WhiteRD "49"]
[BlackElo "2032"]
[BlackRD "85"]
[GameID "347278"]

1. e4 c5 2. d4 cxd4 3. c3 dxc3 4. Nxc3 e6 5. Nf3 Nc6 6. Bc4 Qc7 7. O-O Nf6 8. Qe2 Ng4 9. h3 Nd4 10. hxg4 Nxe2+
11. Bxe2 Bc5 12. Bg5 h6 13. Bh4 g5
0-1

[Event "2014 dropouts tournament"]
[Site "SchemingMind.com"]
[Date "2014.02.13"]
[Round "-"]
[White "John Galvin"]
[Black "mespina"]
[Result "1/2-1/2"]
[WhiteCountry "USA"]
[BlackCountry "ESP"]
[WhiteElo "2329"]
[WhiteRD "83"]
[BlackElo "2170"]
[BlackRD "74"]
[GameID "347756"]

1. e4 c5 2. Nf3 g6 3. c3 d5 4. exd5 Qxd5 5. d4 Nf6 6. Na3 cxd4 7. Bc4 Qe4+ 8. Be3 Bg4 9. Bd3 Qd5 10. Nb5 Bxf3
11. gxf3 Qd7 12. Nxd4 Bg7 13. Bb5 Nc6 14. Qa4 Rc8 15. O-O-O a6 16. Bxc6 bxc6 17. Nc2 Qh3 18. Nd4 Qd7 19. Qxa6 O-O 20. Qc4 c5
21. Nb3 Qf5 22. Qf4 Qh5 23. Nd2 c4 24. Qg5 Qh3 25. Qe5 Ra8 26. a3 Rfb8 27. Qxe7 Nd5 28. Qe4 Nxc3 29. bxc3 Rxa3 30. Nb1 Rab3
31. Kd2 Rb2+ 32. Ke1 Bf6 33. Rf1 Qh5 34. Rg1 Qxh2 35. Kf1 Qh3+ 36. Ke1 Qh2 37. Kf1 Qh3+ 38. Ke1 Qh2 39. Rf1 Qh5 40. Rc1 Qa5
41. Rh1 Qa1 42. Qf4 Re8 43. Qxf6 Rxb1 44. Kd2 Rb2+ 45. Kd1 Rb1 46. Kd2=
1/2-1/2

[Event "2014 dropouts tournament"]
[Site "SchemingMind.com"]
[Date "2014.02.15"]
[Round "-"]
[White "mespina"]
[Black "John Galvin"]
[Result "1/2-1/2"]
[WhiteCountry "ESP"]
[BlackCountry "USA"]
[WhiteElo "2170"]
[WhiteRD "74"]
[BlackElo "2329"]
[BlackRD "83"]
[GameID "347757"]

1. e4 c5 2. Nf3 d6 3. d4 cxd4 4. Nxd4 Nf6 5. Nc3 a6 6. Be3 e5 7. Nb3 Be7 8. Be2 O-O 9. O-O Be6 10. Qd2 Nbd7
11. a4 Rc8 12. f3 Nb6 13. a5 Nc4 14. Bxc4 Rxc4 15. Rfd1 Qb8 16. Nc1 Rd8 17. b3 Rcc8 18. Bb6 Rd7 19. Nd5 Nxd5 20. exd5 Bf5
21. c4 Bg6 22. Na2 Bh4 23. Nc3 f5 24. Rac1 h6 25. Qd3 Re8 26. Rf1 Bg5 27. Rce1 Qc8 28. Qc2 Rde7 29. Re2 Bf7 30. Ref2 Bg6
31. Re2 Bf7 32. Ref2 Bh4 33. Re2 Bf6 34. Qd3 Bh5 35. Ree1 Bh4 36. Bf2 e4 37. fxe4 fxe4 38. Nxe4 Bxf2+ 39. Rxf2 Qg4 40. Rfe2 Qf5
41. Re3 Bg6=
1/2-1/2

[Event "2014 dropouts tournament"]
[Site "SchemingMind.com"]
[Date "2014.03.04"]
[Round "-"]
[White "alexyongpohweng"]
[Black "Holty"]
[Result "0-1"]
[WhiteCountry "MAS"]
[BlackCountry "ENG"]
[WhiteElo "1303"]
[WhiteRD "45"]
[BlackElo "1736"]
[BlackRD "60"]
[GameID "348656"]

1. e4 e6 2. d4 d5 3. e5 c5 4. dxc5 Bxc5 5. Qg4 g6 6. Qd1 Nc6 7. Nf3 Qb6 8. Qd2 Bd7 9. Bd3 O-O-O 10. O-O Be7
11. Nc3 Nd4 12. Nxd4 Qxd4 13. Ne2 Qxe5 14. Qf4 Bf6 15. Qb4 Be7 16. Rb1 Bxb4 17. a3 Bd6 18. Ng3 f5 19. Bd2 Qg7 20. Bc3 e5
21. b3 Nf6 22. b4 d4 23. Bd2 h5 24. c3 e4 25. Be2 d3 26. Bd1 f4 27. Nxe4 Nxe4
0-1

[Event "2014 dropouts tournament"]
[Site "SchemingMind.com"]
[Date "2014.03.04"]
[Round "-"]
[White "Holty"]
[Black "alexyongpohweng"]
[Result "1-0"]
[WhiteCountry "ENG"]
[BlackCountry "MAS"]
[WhiteElo "1736"]
[WhiteRD "60"]
[BlackElo "1303"]
[BlackRD "45"]
[GameID "348658"]

1. d4 d5 2. Nf3 Nf6 3. e3 g6 4. Bd3 Bg7 5. O-O O-O 6. c3 c6 7. Nbd2 Bg4 8. Re1 Na6 9. e4 dxe4 10. Nxe4 Nxe4
11. Bxe4 Bxf3 12. Qxf3 f5 13. Bd3 Nc7 14. Bf4 Nd5 15. Be5 Bxe5 16. Rxe5 Nf6 17. Bc4+ Kg7 18. Rae1 Rc8 19. Rxe7+ Kh8 20. Rxb7 Nd7
21. Be6 Rc7 22. Rxc7 Nb8 23. Rc8 Qb6 24. Rxf8+
1-0

[Event "2014 dropouts tournament"]
[Site "SchemingMind.com"]
[Date "2014.03.06"]
[Round "-"]
[White "opageo"]
[Black "John Hamer"]
[Result "1-0"]
[WhiteCountry "SCO"]
[BlackCountry "ENG"]
[WhiteElo "2127"]
[WhiteRD "102"]
[BlackElo "2076"]
[BlackRD "64"]
[GameID "348976"]

1. d4 e6 2. Nf3 d5 3. Bf4 Nf6 4. e3 c5 5. c3 Nc6 6. Nbd2 Be7 7. Bd3 O-O 8. Ne5 Bd7 9. Ndf3 Rc8 10. dxc5 Bxc5
11. O-O Qe7 12. Bg5 Rfd8 13. Qb3 Na5 14. Qc2 h6 15. Nxd7 Qxd7 16. Bxf6 gxf6 17. Qe2 Nc4 18. Bxc4 dxc4 19. Qxc4 f5 20. Qh4 Bf8
21. Nd4 Qd5 22. Qh3 Bg7 23. f4 Kh7 24. Rf2 b5 25. a3 Rc7= 26. Rd2 Rcd7 27. Rad1 Qe4 28. Qg3 Bf6 29. Qf3
1-0

[Event "2014 dropouts tournament"]
[Site "SchemingMind.com"]
[Date "2014.03.05"]
[Round "-"]
[White "John Hamer"]
[Black "opageo"]
[Result "1/2-1/2"]
[WhiteCountry "ENG"]
[BlackCountry "SCO"]
[WhiteElo "2076"]
[WhiteRD "64"]
[BlackElo "2127"]
[BlackRD "102"]
[GameID "348977"]

1. e4 c6 2. Nc3 d5 3. d4 dxe4 4. Nxe4 Nf6 5. Ng3 e5 6. Be3 Qa5+ 7. c3 exd4 8. Bxd4 Be7 9. Nf3 O-O 10. Bd3 c5
11. Be3 Rd8 12. Qc2 Nc6 13. O-O Bg4 14. Nd2 Ne5 15. Bf5 Qc7 16. Bf4 Bd6 17. Bg5 Bxf5 18. Nxf5 Neg4 19. g3 h6 20. Bxf6 Nxf6
21. Rfe1 g6 22. Nxd6 Rxd6 23. Nc4 Rd7 24. a4 Rad8 25. Re3 Nd5 26. Rd3 Nf4 27. Re3 Nd3 28. Qe2 Qc6 29. Qf1 Qd5 30. b3 Qf5
31. Rd1 Rd5 32. Re7= Qf6 33. Rxb7 Qxc3 34. Rxa7 Qxb3 35. Ne3 Rd4 36. Rb1 Qa2 37. Ra1 Qe6=
1/2-1/2

[Event "2014 dropouts tournament"]
[Site "SchemingMind.com"]
[Date "2014.04.04"]
[Round "-"]
[White "asimpereira"]
[Black "fu_manchu"]
[Result "1-0"]
[WhiteCountry "IND"]
[BlackCountry "CAN"]
[WhiteElo "1998"]
[WhiteRD "113"]
[BlackElo "1768"]
[BlackRD "74"]
[GameID "354253"]

1. e4 c5 2. Nf3 d6 3. d4 cxd4 4. Nxd4 Nf6 5. Nc3 a6 6. Bc4 e6 7. Bb3 Be7 8. O-O Bd7 9. f4 Bb5 10. Ncxb5 axb5
11. Kh1 O-O 12. Qf3 Nbd7 13. f5 Ne5 14. Qe2 exf5 15. Nxf5 Re8 16. Bg5 Ned7 17. Rad1 Qb6 18. Bxf6 Nxf6 19. Rd3 Bf8 20. Ng3 Rac8
21. Nh5 Be7 22. Rg3 Nxh5 23. Bxf7+ Kh8 24. Qxh5 Rxc2 25. Qxh7+
1-0

[Event "2014 dropouts tournament"]
[Site "SchemingMind.com"]
[Date "2014.04.03"]
[Round "-"]
[White "fu_manchu"]
[Black "asimpereira"]
[Result "0-1"]
[WhiteCountry "CAN"]
[BlackCountry "IND"]
[WhiteElo "1768"]
[WhiteRD "74"]
[BlackElo "1998"]
[BlackRD "113"]
[GameID "354254"]

1. e4 c5 2. Nf3 g6 3. d4 cxd4 4. Qxd4 Nf6 5. Bc4 Nc6 6. Qd3 d6 7. O-O Bg7 8. a3 O-O 9. Bg5 Bg4 10. Nbd2 Rc8
11. h3 Bxf3 12. Nxf3 Nd7 13. Rad1 Nde5 14. Nxe5 Nxe5 15. Bxf7+ Nxf7 16. Qb3 Qc7 17. c3 Kh8 18. Be3 b6 19. f4 Qc4 20. Qc2 e6
21. f5 gxf5 22. exf5 exf5 23. Qxf5 Ne5 24. Qg5 Nf7 25. Qf5 Rce8 26. Bd4 Ne5 27. Qg5 Qe6 28. Qg3 Rg8 29. Rde1 Qg6 30. Qxg6 Nxg6
31. Bxg7+ Kxg7 32. Rxe8 Rxe8 33. Rf2 Ne5 34. Rd2 Re6 35. Kh2 Nc4 36. Rf2 a5 37. g4 Re1 38. Kg3 Rb1 39. Re2 Rxb2 40. Rxb2 Nxb2
0-1

[Event "2014 dropouts tournament"]
[Site "SchemingMind.com"]
[Date "2014.04.05"]
[Round "-"]
[White "Holty"]
[Black "reo"]
[Result "0-1"]
[WhiteCountry "ENG"]
[BlackCountry "THA"]
[WhiteElo "1747"]
[WhiteRD "59"]
[BlackElo "1838"]
[BlackRD "84"]
[GameID "354372"]

1. d4 f5 2. g3 e6 3. Bg2 Nf6 4. c4 Be7 5. Nh3 O-O 6. O-O d6 7. Nc3 Qe8 8. Nb5 Bd8 9. Qb3 Na6 10. f4 Ng4
11. Nf2 Qh5 12. Nxg4 fxg4 13. Bd2 Be7 14. a3 Rf6 15. Nc3 Rh6 16. Kf2 c6 17. Rh1 Rf6 18. h3 e5 19. hxg4 Qxg4 20. Bf3 Qd7
21. Ne4 Rf7 22. Qc2 g6 23. e3 d5 24. cxd5 cxd5 25. Nc3 e4 26. Be2 Nc7 27. Rag1 a6 28. Qd1 g5 29. Na4 Qc6 30. Rh5 Ne8
31. Nc3 Nf6 32. Rh2 g4 33. Na2 h5 34. Bb4 Bd8 35. Qc1 Qe8 36. Bd1 Nh7 37. Bb3 Be6 38. Nc3 Rf5 39. Ke2 Qf7 40. Bd6 Rc8
41. Ba2 Bb6 42. Qd2 Rd8 43. Be5 Rf8 44. Bd6 Rd8 45. Be5 Bc7 46. Bxc7 Qxc7 47. b4 Qe7 48. Rc1 h4 49. Rxh4 Rf7 50. Na4 Qf6
51. Qe1 Ng5 52. Rh2 Nf3 53. Qh1 Nxh2 54. Qxh2 Rh7 55. Qg2 Rh3 56. Rh1 Rc8 57. Nc5 b6 58. Rc1 bxc5 59. bxc5 Qh6 60. Rf1 Rh2
61. Qxh2 Qxh2+ 62. Rf2 Qxg3 63. a4 Rb8
0-1

[Event "2014 dropouts tournament"]
[Site "SchemingMind.com"]
[Date "2014.04.05"]
[Round "-"]
[White "reo"]
[Black "Holty"]
[Result "0-1"]
[WhiteCountry "THA"]
[BlackCountry "ENG"]
[WhiteElo "1870"]
[WhiteRD "88"]
[BlackElo "1736"]
[BlackRD "60"]
[GameID "354373"]

1. Nf3 d5 2. b3 Nf6 3. Bb2 Nc6 4. e3 g6 5. c4 e6 6. a3 Bg7 7. Bd3 O-O 8. O-O Re8 9. Ne5 Ng4 10. Qxg4 Nxe5
11. Bxe5 Bxe5 12. Ra2 Bg7 13. cxd5 exd5 14. Qf3 c6 15. Nc3 Be6 16. Ne2 Qd7 17. Nf4 Bf5 18. Be2 a5 19. Nd3 b6 20. Qg3 Bf8
21. Ne5 Qc7 22. f4 Bg7 23. Rc1 Bxe5 24. fxe5 Rxe5 25. Rxc6 Qxc6 26. Qxe5 Re8 27. Qg3 Qc1+ 28. Kf2 Qb1
0-1

[Event "2014 dropouts tournament"]
[Site "SchemingMind.com"]
[Date "2014.04.17"]
[Round "-"]
[White "emvarela"]
[Black "ApolloM"]
[Result "0-1"]
[WhiteCountry "ARG"]
[BlackCountry "CZE"]
[WhiteElo "1741"]
[WhiteRD "54"]
[BlackElo "2365"]
[BlackRD "121"]
[GameID "356695"]

1. e4 e6 2. d4 d5 3. Nc3 Nf6 4. Bg5 Be7 5. e5 Nfd7 6. h4 Bxg5 7. hxg5 Qxg5 8. Nh3 Qe7 9. Nf4 Nc6 10. a3 a6
11. Qd3 g6 12. O-O-O Nb6 13. Nfe2 Bd7 14. f4 Na5 15. g4 Nac4 16. Nb1 h6 17. Nec3 O-O-O 18. Na2 g5 19. f5 exf5 20. gxf5 h5
21. f6 Qf8 22. Qc3 Na4 23. Qb3 Naxb2 24. Bxc4 Nxc4 25. Qb4 Qxb4 26. Nxb4 c6 27. Rd3 h4 28. Nd2 g4 29. Nxc4 dxc4 30. Rdd1 g3
31. Rdg1 a5 32. Na2 Rdg8 33. Nc3 h3 34. Ne2 g2 35. Rh2 Rh4 36. c3 Kc7 37. Kd2 b5
0-1

[Event "2014 dropouts tournament"]
[Site "SchemingMind.com"]
[Date "2014.04.17"]
[Round "-"]
[White "ApolloM"]
[Black "emvarela"]
[Result "1-0"]
[WhiteCountry "CZE"]
[BlackCountry "ARG"]
[WhiteElo "2362"]
[WhiteRD "118"]
[BlackElo "1766"]
[BlackRD "50"]
[GameID "356696"]

1. d4 Nf6 2. Nf3 d5 3. c4 c6 4. e3 Bf5 5. Nc3 e6 6. Nh4 Bg6 7. Nxg6 hxg6 8. Bd2 Nbd7 9. h3 dxc4 10. Bxc4 Bb4
11. O-O Bxc3 12. bxc3 Nb6 13. Bd3 Qd6 14. a4 g5 15. e4 e5 16. Bxg5 exd4 17. e5
1-0

[Event "2014 dropouts tournament"]
[Site "SchemingMind.com"]
[Date "2014.04.17"]
[Round "-"]
[White "opageo"]
[Black "kenneth m day"]
[Result "1-0"]
[WhiteCountry "SCO"]
[BlackCountry "USA"]
[WhiteElo "2122"]
[WhiteRD "107"]
[BlackElo "1753"]
[BlackRD "49"]
[GameID "356757"]

1. d4 d5 2. Bg5 Nf6 3. Bxf6 exf6 4. e3 Bd6 5. Bd3 O-O 6. Nf3 Bg4 7. c3 Qd7 8. Nbd2 Nc6 9. Qc2 g6 10. O-O-O Rfe8
11. h3 Be6 12. Rhe1 a5 13. h4 Bg4 14. Kb1 Reb8 15. e4 dxe4 16. Nxe4 Be7 17. Ned2 b5 18. Be4 Ra7 19. Bxc6 Qxc6 20. Rxe7 Re8
21. Rxe8+ Qxe8 22. Re1 Qxe1+ 23. Nxe1 Bf5 24. Ne4
1-0

[Event "2014 dropouts tournament"]
[Site "SchemingMind.com"]
[Date "2014.04.17"]
[Round "-"]
[White "kenneth m day"]
[Black "opageo"]
[Result "0-1"]
[WhiteCountry "USA"]
[BlackCountry "SCO"]
[WhiteElo "1741"]
[WhiteRD "52"]
[BlackElo "2091"]
[BlackRD "107"]
[GameID "356758"]

1. e4 c6 2. c4 d5 3. cxd5 cxd5 4. exd5 Nf6 5. d4 Nxd5 6. Nc3 Nc6 7. Bc4 e6 8. Nf3 Bb4 9. Bd2 O-O 10. O-O Nb6
11. Bb3 Nxd4 12. Nxd4 Qxd4 13. Rc1 Qh4 14. Qf3 Bd6 15. g3 Qe7 16. Rfe1 Rd8 17. Qh5 Bxg3 18. hxg3 Rxd2 19. Bc2 g6 20. Qh6 Rd8
21. Re4 Qf8 22. Qg5 Bd7 23. Rd1 Bc6 24. Red4 Rxd4 25. Rxd4 Nd5 26. Ne4 Qg7 27. Bd3 Qxd4 28. Qd2 Nb4
0-1

[Event "2014 dropouts tournament"]
[Site "SchemingMind.com"]
[Date "2014.06.24"]
[Round "-"]
[White "mespina"]
[Black "asimpereira"]
[Result "1-0"]
[WhiteCountry "ESP"]
[BlackCountry "IND"]
[WhiteElo "2191"]
[WhiteRD "80"]
[BlackElo "1964"]
[BlackRD "114"]
[GameID "360265"]

1. e4 d5 2. exd5 Nf6 3. Bc4 Nxd5 4. Nc3 Nb6 5. Bb3 c5 6. d3 Nc6 7. Qh5 e6 8. Nf3 Be7 9. O-O O-O 10. Bd2 Nd4
11. Nxd4 cxd4 12. Ne2 Bf6 13. Bb4 Re8 14. Bc5 a5 15. a4 g6 16. Qf3 Kg7 17. Qg3 e5 18. f4 Bf5 19. fxe5 Bxe5 20. Qf2 Bxh2+
21. Kxh2 Qc7+ 22. Kh1 Qxc5 23. Nxd4 Re5 24. Nxf5+ Rxf5 25. Qxc5 Rxc5 26. Rxf7+ Kh6 27. Rxb7 Nd5 28. d4
1-0

[Event "2014 dropouts tournament"]
[Site "SchemingMind.com"]
[Date "2014.06.25"]
[Round "-"]
[White "asimpereira"]
[Black "mespina"]
[Result "0-1"]
[WhiteCountry "IND"]
[BlackCountry "ESP"]
[WhiteElo "1980"]
[WhiteRD "113"]
[BlackElo "2183"]
[BlackRD "81"]
[GameID "360266"]

1. d4 g6 2. c4 Bg7 3. Nc3 Nf6 4. e4 d6 5. f3 O-O 6. Be3 e5 7. Nge2 c6 8. Qd2 exd4 9. Nxd4 d5 10. Bg5 dxe4
11. Nxe4 Nxe4
0-1

[Event "2014 dropouts tournament"]
[Site "SchemingMind.com"]
[Date "2014.07.15"]
[Round "-"]
[White "reo"]
[Black "ApolloM"]
[Result "0-1"]
[WhiteCountry "THA"]
[BlackCountry "CZE"]
[WhiteElo "1802"]
[WhiteRD "91"]
[BlackElo "2372"]
[BlackRD "123"]
[GameID "361387"]

1. d4 d5 2. c4 e6 3. e3 Nf6 4. Nc3 a6 5. Nf3 c5 6. b3 cxd4 7. Nxd4 dxc4 8. Bxc4 e5 9. Nde2 Qxd1+ 10. Nxd1 Nc6
11. O-O b5 12. Bd3 Be6 13. Ng3 O-O-O 14. Nc3 Rxd3
0-1

[Event "2014 dropouts tournament"]
[Site "SchemingMind.com"]
[Date "2014.07.15"]
[Round "-"]
[White "ApolloM"]
[Black "reo"]
[Result "1-0"]
[WhiteCountry "CZE"]
[BlackCountry "THA"]
[WhiteElo "2372"]
[WhiteRD "123"]
[BlackElo "1802"]
[BlackRD "91"]
[GameID "361388"]

1. d4 Nf6 2. c4 e6 3. Nf3 Bb4+ 4. Nbd2 O-O 5. a3 Bxd2+ 6. Bxd2 b6 7. Bg5 Bb7 8. e3 d6 9. Bd3 Nbd7 10. O-O c5
11. Re1 Qc7 12. Nd2 Rfe8 13. Rc1 h6 14. Bh4 Qc6 15. f3 a6 16. Ne4 Nxe4 17. Bxe4 d5 18. Bb1 Rad8 19. Bxd8
1-0

[Event "2014 dropouts tournament"]
[Site "SchemingMind.com"]
[Date "2014.08.18"]
[Round "-"]
[White "opageo"]
[Black "mespina"]
[Result "0-1"]
[WhiteCountry "SCO"]
[BlackCountry "ESP"]
[WhiteElo "1997"]
[WhiteRD "109"]
[BlackElo "2181"]
[BlackRD "83"]
[GameID "363142"]

1. d4 Nf6 2. Bg5 Ne4 3. Bf4 d5 4. e3 c5 5. Nd2 Qb6 6. Nxe4 dxe4 7. Rb1 cxd4 8. Qxd4 Nc6 9. Qxb6 axb6 10. a3 e5
11. Bg3 Be6 12. Bb5 Ra5 13. a4 f6 14. Ne2 Bb4+ 15. c3 Be7 16. b4 Ra8 17. f4 exf3 18. gxf3 O-O 19. f4 Rfd8 20. e4 Na7
21. fxe5 Nxb5 22. axb5 Bc4 23. Nd4 Ra2 24. e6 Bd3
0-1

[Event "2014 dropouts tournament"]
[Site "SchemingMind.com"]
[Date "2014.08.17"]
[Round "-"]
[White "mespina"]
[Black "opageo"]
[Result "1-0"]
[WhiteCountry "ESP"]
[BlackCountry "SCO"]
[WhiteElo "2181"]
[WhiteRD "83"]
[BlackElo "1997"]
[BlackRD "109"]
[GameID "363143"]

1. e4 c6 2. d4 d5 3. Nc3 dxe4 4. Nxe4 Nf6 5. Nxf6+ exf6 6. c3 Bd6 7. Bd3 Be6 8. Qc2 Qc7 9. Ne2 h6 10. g3 Nd7
11. Nf4 O-O-O 12. O-O h5 13. c4 h4 14. c5 Be7 15. Nxe6 fxe6 16. b4 hxg3 17. fxg3 e5 18. Bf5 Kb8 19. Qe4 Nf8 20. dxe5 fxe5
21. Bb2 Bf6 22. Rad1 Re8 23. Rd6 Ka8 24. Rf2 Rh6 25. a4 Kb8 26. Rc2 a6 27. b5
1-0

[Event "2014 dropouts tournament"]
[Site "SchemingMind.com"]
[Date "2014.11.22"]
[Round "-"]
[White "mespina"]
[Black "ApolloM"]
[Result "1/2-1/2"]
[WhiteCountry "ESP"]
[BlackCountry "CZE"]
[WhiteElo "2178"]
[WhiteRD "91"]
[BlackElo "2387"]
[BlackRD "130"]
[GameID "369199"]

1. e4 e6 2. d4 d5 3. Nc3 Nf6 4. Bg5 Bb4 5. e5 h6 6. Bd2 Bxc3 7. bxc3 Ne4 8. Qg4 Kf8 9. Qe2 c5 10. Nf3 Qb6
11. Qe3 Qb2 12. Rc1 c4 13. g3 Qxa2 14. Be2 a5 15. O-O Nxd2 16. Nxd2 Qa4 17. Ra1 Qd7 18. Rfb1 b5 19. Bh5 Bb7 20. Nf3 Kg8
21. Qf4 Bc6 22. Nh4 a4 23. Rb4 g6 24. Be2 g5 25. Qg4 Qe7 26. f4 Nd7 27. Ng2 f5 28. Qh5 Qf7 29. Qf3 g4 30. Qf1 Nf8
31. Ne3 Rh7 32. Rbb1 Ng6 33. h4 Qg7 34. Ra3 Qf8 35. Qc1 Be8 36. Bf1 Rha7 37. Bg2 Ne7 38. Qb2 Ra6 39. Qb4 R8a7 40. Rba1 Nc6
41. Qb2 Kg7 42. Kf2 Ra5 43. Qb1 Ra8 44. Kg1 Rc8 45. Kf2 Rb8 46. Qb2 Qf7 47. Qc1 Qa7 48. Qd2 Bg6=
1/2-1/2

[Event "2014 dropouts tournament"]
[Site "SchemingMind.com"]
[Date "2014.11.23"]
[Round "-"]
[White "ApolloM"]
[Black "mespina"]
[Result "1-0"]
[WhiteCountry "CZE"]
[BlackCountry "ESP"]
[WhiteElo "2411"]
[WhiteRD "132"]
[BlackElo "2185"]
[BlackRD "90"]
[GameID "369200"]

1. d4 g6 2. e4 Bg7 3. Nf3 d6 4. Nc3 Nf6 5. Be2 O-O 6. O-O Nc6 7. d5 Ne5 8. Nxe5 dxe5 9. Bg5 Bd7 10. Qd3 b5
11. b4 a5 12. a4 axb4 13. Nxb5 c6 14. dxc6 Bxc6 15. f3 Qxd3 16. Bxd3 Ra5 17. Bd2 Rfa8 18. Bxb4 Rxa4 19. Rxa4 Rxa4 20. Bxe7 Nd7
21. Nd6 Bf8 22. Bxf8 Kxf8 23. Rb1 f6 24. Nc4 Ra8 25. Ne3 Ke7 26. Kf2 Kd6 27. h4 h5 28. g3 Kc5 29. Rb3 Rf8 30. Ra3 Kd6
31. Ra7 Ra8 32. Nc4+ Kc5 33. Rc7 g5 34. Bf1 gxh4 35. gxh4 Ra1 36. Bh3 Nb8 37. Ne3 Rc1 38. Rh7 Na6 39. Rxh5 Nb4 40. Rh8 Nxc2
41. Nxc2 Rxc2+ 42. Kg3 Kd4 43. Rd8+ Ke3 44. h5 Rf2 45. Rd3+
1-0